ORGANIC CHEMISTRY (Record no. 26666)

MARC details
000 -LEADER
fixed length control field 00524nam a22001817a 4500
003 - CONTROL NUMBER IDENTIFIER
control field OSt
005 - DATE AND TIME OF LATEST TRANSACTION
control field 20220112095706.0
008 - FIXED-LENGTH DATA ELEMENTS--GENERAL INFORMATION
fixed length control field 220112b |||||||| |||| 00| 0 eng d
020 ## - INTERNATIONAL STANDARD BOOK NUMBER
International Standard Book Number 0471351962
040 ## - CATALOGING SOURCE
Transcribing agency HU
082 ## - DEWEY DECIMAL CLASSIFICATION NUMBER
Classification number 547
100 ## - MAIN ENTRY--PERSONAL NAME
Personal name SOLOMONS GRAHAM T.W.
9 (RLIN) 27722
245 ## - TITLE STATEMENT
Title ORGANIC CHEMISTRY
Remainder of title STUDY GUIDE & SOLUTIONS MANUAL
Statement of responsibility, etc. CRAIG B.FRYHLE ROBERT G. JOHNSIN
250 ## - EDITION STATEMENT
Edition statement 7 th edition
260 ## - PUBLICATION, DISTRIBUTION, ETC.
Place of publication, distribution, etc. NEW YORK
Name of publisher, distributor, etc. JOHN WILEY & SONS,INC.
Date of publication, distribution, etc. 2000
300 ## - PHYSICAL DESCRIPTION
Extent XXV, 589 P.
Other physical details ill (pc)
Dimensions 27cm.
942 ## - ADDED ENTRY ELEMENTS (KOHA)
Source of classification or shelving scheme Dewey Decimal Classification
Koha item type Books like text book referance book
Suppress in OPAC No
Holdings
Withdrawn status Lost status Source of classification or shelving scheme Damaged status Not for loan Collection code Home library Current library Shelving location Date acquired Total Checkouts Full call number Barcode Date last seen Copy number Price effective from Koha item type
    Dewey Decimal Classification     Reference Wondo Genet Library Wondo Genet Library General Stacks 01/12/2022   547 SOL 2000 WGCFNRL00010186 01/12/2022 1 01/12/2022 Books like text book referance book
    Dewey Decimal Classification Damaged   Reference Wondo Genet Library Wondo Genet Library General Stacks 01/17/2022   547 SOL 2000 WGCFNRL00010606 01/17/2022 2 01/17/2022 Books like text book referance book